=LDR 00000nam 2200000 4500 =001 INLIS000000000041084 =005 20130612150633 =008 ***********************************Ind** =035 ##$$0010-061300000041084 =041 ##$$a Ind =082 ##$$a 930.105 =090 ##$$a 930.105, Ber b =245 ##$$a Berkala arkeologi tahun XXX nomor 2 bulan nopember 2010 =260 ##$$a 2010 $b Yogyakarta =300 ##$$a 100 hlm, ilus, 23 cm =650 ##$$a Arkeologi-majalah =850 ##$$a NBPNMAT